Name the Featuring Artist - Statistics

General Stats
  • This quiz has been taken 111 times
  • The average score is 9 of 20
Answer Stats
Artist Song Title Featuring % Correct
Beyoncé Drunk in Love Jay Z
82%
Jay Z Empire State of Mind Alicia Keys
76%
Rihanna Work Drake
71%
Shakira Can't Remember to Forget You Rihanna
70%
Akon Smack That Eminem
62%
John Travolta You're The One That I Want Olivia Newton-John
59%
Charlie Puth We Don't Talk Anymore Selena Gomez
59%
Mark Ronson Valerie Amy Winehouse
56%
Iggy Azalea Black Widow Rita Ora
52%
Naughty Boy Runnin' (Lose It All) Beyoncé
45%
Calvin Harris Outside Ellie Goulding
45%
Jessie J Price Tag B.o.B.
41%
David Guetta When Love Takes Over Kelly Rowland
40%
Madonna Bitch I'm Madonna Nicki Minaj
40%
The Script Hall of Fame will.i.am
37%
Olly Murs Up Demi Lovato
26%
Blackstreet No Diggity Dr. Dre
26%
Taio Cruz Hangover Flo Rida
18%
Pitbull Fun Chris Brown
16%
Sigma Glitterball Ella Henderson
12%
No matching quizzes found
Score Distribution
Percent of People with Each Score
Percentile by Number Answered
Your Score History
You have not taken this quiz